Chet Baker In Italy (Record n. 99308)

Dettagli MARC
000 -LEADER
fixed length control field 03222njm a2200517Ia 4500
001 - CONTROL NUMBER
control field C6733
003 - CONTROL NUMBER IDENTIFIER
control field IT-RoPAU
005 - DATE AND TIME OF LATEST TRANSACTION
control field 20220918181115.0
008 - FIXED-LENGTH DATA ELEMENTS--GENERAL INFORMATION
fixed length control field 131025s9999 xx 000 0 und d
040 ## - CATALOGING SOURCE
Original cataloging agency IT-RoPAU
040 ## - CATALOGING SOURCE
Transcribing agency IT-RoPAU
999 ## - SYSTEM CONTROL NUMBERS (KOHA)
Koha Dewey Subclass [OBSOLETE] n.d.
100 ## - MAIN ENTRY--PERSONAL NAME
Personal name AA.VV.
9 (RLIN) 794
100 ## - MAIN ENTRY--PERSONAL NAME
Relator term Autore musica
9 (RLIN) 30260
100 ## - MAIN ENTRY--PERSONAL NAME
Miscellaneous information Codice autore musica SPICS: 12000
9 (RLIN) 796
245 ## - TITLE STATEMENT
Title Chet Baker In Italy
250 ## - EDITION STATEMENT
Edition statement 2a ed.
260 ## - PUBLICATION, DISTRIBUTION, ETC. (IMPRINT)
Place of publication, distribution, etc. MILANO
260 ## - PUBLICATION, DISTRIBUTION, ETC. (IMPRINT)
Name of publisher, distributor, etc. RUSCONI
Date of publication, distribution, etc. 1994 [1a Ed.:0]
300 ## - PHYSICAL DESCRIPTION
Extent COMPACT DISC
300 ## - PHYSICAL DESCRIPTION
Dimensions 77 minuti (Testo: 0 pag.)
500 ## - GENERAL NOTE
General note Musica jazz. Compact fuori commercio allegato al n. 12 1994 della rivista "Musica jazz".
505 ## - FORMATTED CONTENTS NOTE
Formatted contents note For Minors Only [(Pescara, stadio comunale, 14 luglio 1975) (6:00)] - Forgetful [(Palermo, Brass Group, 17 gennaio 1976) (8:00)] - Blue Room [(Roma, centro jazz St. Louis, 27 gennaio 1979) (8:00)] - Cheryl [(Ancona, teatro sperimentale, 23 novembre 1985) (11:00)] - Cherokee [(Macerata, giardini Diaz, 2 luglio 1985) (11:00)] - Dancing In the Dark [(Civitanova Marche, 5 luglio 1985) (7:00)] - Laura [(Civitanova Marche, 5 luglio 1985) (13:00)] - Solar [(Torino, teatro Carignano, 21 aprile 1988) (14:00)]
511 ## - PARTICIPANT OR PERFORMER NOTE
Participant or performer note Baker Chet: tr; Drew Kenny: p; Ridley Larry: cb; Lee David: batt
511 ## - PARTICIPANT OR PERFORMER NOTE
Participant or performer note Baker Chet: tr; Pelzer Jacques: fl; Garsia Ignazio: p; Tommaso Giovanni: cb; Cavallaro Gianni: batt
511 ## - PARTICIPANT OR PERFORMER NOTE
Participant or performer note Baker Chet: tr; Pelzer Jacques: alto; Grailler Michel: p; Rassinfosse Jean-Louise: cb
511 ## - PARTICIPANT OR PERFORMER NOTE
Participant or performer note Baker Chet: tr; Grailler Michel: p; Moriconi Massimo: cb
511 ## - PARTICIPANT OR PERFORMER NOTE
Participant or performer note Baker Chet: tr; Pelzer Jacques: sop; Melillo Mike: p; Moriconi Massimo: cb; Ascolese Giampaolo: batt
511 ## - PARTICIPANT OR PERFORMER NOTE
Participant or performer note Baker Chet: tr; Melillo Mike: p, arr; Moriconi Massimo: cb; Ascolese Giampaolo: batt; Orchestra Filarmonica Marchigiana
511 ## - PARTICIPANT OR PERFORMER NOTE
Participant or performer note Baker Chet: tr; Rava Enrico: tr; Urbani Massimo: alto; D'Andrea Franco: p; Tommaso Giovanni: cb; Gatto Roberto: batt
650 ## - SUBJECT ADDED ENTRY--TOPICAL TERM
Topical term or geographic name as entry element JAZZ [COMPACT DISC]
Relator term Codice MATERIA SPICS: 9949
9 (RLIN) 11822
700 ## - ADDED ENTRY--PERSONAL NAME
Personal name Baker Chet
Miscellaneous information Codice interprete SPICS: 13029
Relator term Interprete
9 (RLIN) 30261
700 ## - ADDED ENTRY--PERSONAL NAME
Personal name Heath Jimmy
Miscellaneous information Codice autore musica SPICS: 36621
Relator term Autore musica
Name of part/section of a work For Minors Only
9 (RLIN) 30262
700 ## - ADDED ENTRY--PERSONAL NAME
Personal name Handy
Miscellaneous information Codice autore musica SPICS: 42469
Relator term Autore musica
Name of part/section of a work Forgetful
9 (RLIN) 30263
700 ## - ADDED ENTRY--PERSONAL NAME
Personal name Segal
Miscellaneous information Codice autore SPICS: 42470
Relator term Autore
Name of part/section of a work Forgetful
9 (RLIN) 30264
700 ## - ADDED ENTRY--PERSONAL NAME
Personal name Rodgers Richard
Miscellaneous information Codice autore musica SPICS: 11120
Relator term Autore musica
Name of part/section of a work Blue Room
9 (RLIN) 30265
700 ## - ADDED ENTRY--PERSONAL NAME
Personal name Hart Lorenz
Miscellaneous information Codice autore SPICS: 10738
Relator term Autore
Name of part/section of a work Blue Room
9 (RLIN) 30266
700 ## - ADDED ENTRY--PERSONAL NAME
Personal name Parker Charlie (B.)
Miscellaneous information Codice autore musica SPICS: 10799
Relator term Autore musica
Name of part/section of a work Cheryl
9 (RLIN) 30267
700 ## - ADDED ENTRY--PERSONAL NAME
Personal name Noble Ray
Miscellaneous information Codice autore musica SPICS: 10522
Relator term Autore musica
Name of part/section of a work Cherokee
9 (RLIN) 30268
700 ## - ADDED ENTRY--PERSONAL NAME
Personal name Schwartz A.
Miscellaneous information Codice autore musica SPICS: 15555
Relator term Autore musica
Name of part/section of a work Dancing In the Dark
9 (RLIN) 30269
700 ## - ADDED ENTRY--PERSONAL NAME
Personal name Dietz H.
Miscellaneous information Codice autore SPICS: 15554
Relator term Autore
Name of part/section of a work Dancing In the Dark
9 (RLIN) 30270
700 ## - ADDED ENTRY--PERSONAL NAME
Personal name Raskin Dave
Miscellaneous information Codice autore musica SPICS: 13976
Relator term Autore musica
Name of part/section of a work Laura
9 (RLIN) 30271
700 ## - ADDED ENTRY--PERSONAL NAME
Personal name Mercer Johnny
Miscellaneous information Codice autore SPICS: 18100
Relator term Autore
Name of part/section of a work Laura
9 (RLIN) 30272
700 ## - ADDED ENTRY--PERSONAL NAME
Personal name Davis Miles
Miscellaneous information Codice autore musica SPICS: 10734
Relator term Autore musica
Name of part/section of a work Solar
9 (RLIN) 30273
942 ## - ADDED ENTRY ELEMENTS (KOHA)
Koha item type CD AUDIO
Source of classification or shelving scheme Dewey Decimal Classification
Dati di copia
Withdrawn status Lost status Damaged status Not for loan Home library Current library Date acquired Total Checkouts Full call number Date last seen Price effective from Koha item type Public note
    Buone Condizioni Not For Loan SPICS-MEDIATECA SPICS-MEDIATECA 25/10/2013   C6733 25/10/2013 25/10/2013 CD AUDIO Progr. Ins.: 1435 / N.Vol.: 1 / Copie: 1 - Copia rara: n.d. / date import: 01.01.2014 - By Epidotti, Trombetti, Vaglietti
CREDITS: SOCIETA' SAN PAOLO Via A.Severo, 58 - ROMA (RM) & PERIODICI SAN PAOLO SRL Via Giotto, 36 MILANO & CISF Via Giotto, 36 MILANO & EDIZIONI SAN PAOLO SRL,  Piazza Soncino, 5 CINISELLO BALSAMO (MI) -- ITALY